Vanguardia latinoamericana : historia, crítica y documentos /
Enregistré dans:
| Auteur principal: | |
|---|---|
| Autres auteurs: | |
| Format: | Inconnue |
| Langue: | Spanish |
| Publié: |
Frankfurt am Main : Madrid :
Vervuert : Iberoamericana ,
2000-2005
|
| Édition: | 2. edición |
| Sujets: | |
| Tags: |
Ajouter un tag
Pas de tags, Soyez le premier à ajouter un tag!
|
MARC
| LEADER | 000000000a22000000004500 | ||
|---|---|---|---|
| 001 | 000975 | ||
| 008 | 150930s20002007-gea||||rn||| 00| 0 spa d | ||
| 020 | |a 9788484892526 (Iberoamericana : t. 1)-- 9783865272812 (Vervuert : t. 1)--978849510800(Obra completa) | ||
| 041 | 0 | |a español | |
| 082 | |a 860.998 |b V253v | ||
| 100 | 1 | |a Müller-Bergh, Klaus | |
| 245 | 1 | 0 | |a Vanguardia latinoamericana : |b historia, crítica y documentos / |c Gilberto Mendoca Teles, Klaus Müller-Bergh |
| 250 | |a 2. edición | ||
| 260 | |a Frankfurt am Main : Madrid : |b Vervuert : Iberoamericana , |c 2000-2005 | ||
| 300 | |a volúmenes: |b ilustraciones. | ||
| 500 | |a Número de inscripción 13003 volumen 1 | ||
| 650 | 1 | 4 | |a LITERATURA LATINOAMERICANA |y SIGLO XX |
| 650 | 4 | |a LITERATURA EXPERIMENTAL | |
| 650 | 4 | |a TEORIA LITERATURA | |
| 651 | 1 | 4 | |a AMERICA LATINA |x HISTORIA Y CRITICA |
| 700 | 1 | 2 | |a Teles, Gilberto Mendonca |d 1931- |e compilador |
| 942 | |2 ddc |c BK | ||
| 999 | |c 2102 |d 2102 | ||



